Development plan 1974-1978 (Record no. 63506)
[ view plain ]
| 000 -LEADER | |
|---|---|
| fixed length control field | 00748nam a2200169 a 4500 |
| 008 - FIXED-LENGTH DATA ELEMENTS--GENERAL INFORMATION | |
| fixed length control field | 120416s1974 ||||||||||||||||| || u |
| 050 ## - LIBRARY OF CONGRESS CALL NUMBER | |
| Classification number | HC 865 Ken |
| 245 10 - TITLE STATEMENT | |
| Title | Development plan 1974-1978 |
| Statement of responsibility, etc. | Office of the President |
| 246 ## - | |
| -- | part II |
| 260 ## - PUBLICATION, DISTRIBUTION, ETC. | |
| Place of publication, distribution, etc. | Nairobi |
| Name of publisher, distributor, etc. | Zambia. Government Printers |
| Date of publication, distribution, etc. | 1974 |
| 300 ## - PHYSICAL DESCRIPTION | |
| Extent | iii, 198p. : ill |
| 350 ## - | |
| -- | 0.00 |
| 650 ## - SUBJECT ADDED ENTRY--TOPICAL TERM | |
| Topical term or geographic name entry element | ECONOMIC DEVELOPMENT PLAN--KENYA--1974-1978 |
| 650 #0 - SUBJECT ADDED ENTRY--TOPICAL TERM | |
| Topical term or geographic name entry element | ECONOMICS |
| 995 ## - | |
| -- | ANNEX COLLECTION (Main Library) |
| -- | 0.00 |
| -- | 722786 |
| -- | CBU-MAIN LIBRARY (Kitwe) |
| -- | 2 |
| -- | 40.00 |
| -- | HC 865 Ken |
| -- | 2 |
| -- | AVAILABLE |
| -- | 002982 |
| -- | Annex Low-Usage Collection |
| 995 ## - | |
| -- | ANNEX COLLECTION (Main Library) |
| -- | 0.00 |
| -- | 722785 |
| -- | CBU-MAIN LIBRARY (Kitwe) |
| -- | 1 |
| -- | 40.00 |
| -- | HC 865 Ken |
| -- | 1 |
| -- | AVAILABLE |
| -- | 002984 |
| -- | Annex Low-Usage Collection |
| 999 ## - | |
| -- | 63506 |
| -- | 63506 |
| Withdrawn status | Lost status | Source of classification or shelving scheme | Damaged status | Not for loan | Permanent Location | Current Location | Shelving location | Date acquired | Total Checkouts | Full call number | Barcode | Date last seen | Copy number | Price effective from | Koha item type |
|---|---|---|---|---|---|---|---|---|---|---|---|---|---|---|---|
| CBU-MAIN LIBRARY, KITWE. | CBU-MAIN LIBRARY, KITWE. | 12/27/2022 | HC 865 Ken | 002982 | 12/27/2022 | 2 | 12/27/2022 | MONOGRAPH | |||||||
| CBU-MAIN LIBRARY, KITWE. | CBU-MAIN LIBRARY, KITWE. | 12/27/2022 | HC 865 Ken | 002984 | 12/27/2022 | 1 | 12/27/2022 | MONOGRAPH |